01010nam a22001937a 4500020001800000082001700018100003300035245004900068260004500117300003500162700001800197700002400215942001500239999001300254952012900267952013000396952014500526952014500671 a9788126519187 222a005.7585 aMaclennan, Jamie...[et al.]. aData minign with microsoft SQL server 2008 / aNew Delhi,bJohn Wiley and Sons,cc2009. axxxvi, 636p. ;bill. ;c23 cm. aTang, Zhaohu, aand Crivat, Bogdan. 2ddccIT02 c480d480 00102ddc40718REFaLIB001bLIB001d2014-06-18g425.00l0o005.7585p37280r2014-06-18 00:00:00t1v900.00w2014-06-18yIT 00102ddc40708NFICaLIB001bLIB001d2014-06-18g425.00l0o005.7585p37281r2014-06-18 00:00:00t1v900.00w2014-06-18yIT 00102ddc40708NFICaLIB001bLIB001d2014-06-18g425.00l1m3o005.7585p37282r2014-09-11 00:00:00s2014-07-23t1v900.00w2014-06-18yIT 00102ddc40708NFICaLIB001bLIB001d2014-06-18g425.00l1m4o005.7585p37283r2014-11-24 00:00:00s2014-07-23t1v900.00w2014-06-18yIT